Scientific Annals of Economics and Business

Enregistré dans:
Détails bibliographiques
Format: Publication en série
Langue:anglais
Publié: Iasi University of Iasi
Tags: Ajouter un tag
Pas de tags, Soyez le premier à ajouter un tag!

MARC

LEADER 00000nas1a2200000 4500
001 0249968
005 20250701092126.2
022 |a 2501-3165 
022 |a 2501-1960 
041 0 |a eng 
044 |a RO 
245 1 0 |a Scientific Annals of Economics and Business 
264 1 |a Iasi  |b University of Iasi